Computers in manufacturing (Record no. 5821)
[ view plain ]
| 000 -LEADER | |
|---|---|
| fixed length control field | 00588nam a2200205Ia 4500 |
| 003 - CONTROL NUMBER IDENTIFIER | |
| control field | IN-BaIIA |
| 008 - FIXED-LENGTH DATA ELEMENTS--GENERAL INFORMATION | |
| fixed length control field | 211028s9999 xx 000 0 eng d |
| 020 ## - INTERNATIONAL STANDARD BOOK NUMBER | |
| International Standard Book Number | 0-8247-6388-2 |
| 040 ## - CATALOGING SOURCE | |
| Transcribing agency | IIA Library |
| 080 ## - UNIVERSAL DECIMAL CLASSIFICATION NUMBER | |
| Universal Decimal Classification number | 519.6 |
| Item number | REM |
| 100 ## - MAIN ENTRY--PERSONAL NAME | |
| Personal name | Rembold, Ulrich |
| 9 (RLIN) | 10077 |
| 245 #0 - TITLE STATEMENT | |
| Title | Computers in manufacturing |
| Statement of responsibility, etc. | Ulrich Rembold, Mahesh K. Seth and Jeremy S. Weinstein. |
| 260 ## - PUBLICATION, DISTRIBUTION, ETC. | |
| Place of publication, distribution, etc. | New York |
| Name of publisher, distributor, etc. | Marcel Dekker |
| Date of publication, distribution, etc. | 1977 |
| 300 ## - PHYSICAL DESCRIPTION | |
| Extent | xi, 574p. |
| 650 ## - SUBJECT ADDED ENTRY--TOPICAL TERM | |
| Topical term or geographic name entry element | Computers |
| 9 (RLIN) | 2283 |
| 650 ## - SUBJECT ADDED ENTRY--TOPICAL TERM | |
| Topical term or geographic name entry element | NASA thesaurus |
| 700 ## - ADDED ENTRY--PERSONAL NAME | |
| Personal name | Seth, Mahesh K. |
| 9 (RLIN) | 10078 |
| 700 ## - ADDED ENTRY--PERSONAL NAME | |
| Personal name | Weinstein, Jeremy S. |
| 9 (RLIN) | 10079 |
| 942 ## - ADDED ENTRY ELEMENTS (KOHA) | |
| Koha item type | Books |
| Withdrawn status | Lost status | Damaged status | Not for loan | Home library | Current library | Shelving location | Date acquired | Total Checkouts | Full call number | Barcode | Date last seen | Price effective from | Koha item type | Purchase Price |
|---|---|---|---|---|---|---|---|---|---|---|---|---|---|---|
| IIA Library-Bangalore | IIA Library-Bangalore | General Stacks | 13/06/1978 | 519.6/ REM | 6508 | 05/11/2021 | 13/06/1978 | Books | 39.5 |